सम्मलेन दैनंदिनी 2022 (Record no. 29352)
[ view plain ]
| 000 -LEADER | |
|---|---|
| fixed length control field | 00346nam a22001217a 4500 |
| 003 - CONTROL NUMBER IDENTIFIER | |
| control field | SGT |
| 082 ## - DEWEY DECIMAL CLASSIFICATION NUMBER | |
| Classification number | 301.2 |
| Item number | S44M |
| 100 ## - MAIN ENTRY--PERSONAL NAME | |
| Personal name | मिश्र, विभूति |
| 245 ## - TITLE STATEMENT | |
| Title | सम्मलेन दैनंदिनी 2022 |
| 260 ## - PUBLICATION, DISTRIBUTION, ETC. (IMPRINT) | |
| Name of publisher, distributor, etc | हिंदी साहित्य सम्मलेन |
| Year of Publication | 1944 |
| 300 ## - PAGE DESCRIPTION | |
| No. of Pages | 244 |
| 942 ## - ADDED ENTRY ELEMENTS (KOHA) | |
| Source of classification or shelving scheme | Dewey Decimal Classification |
| Koha item type | Books |
| Withdrawn status | Lost status | Source of classification or shelving scheme | Damaged status | Not for loan | Home library | Current library | Shelving location | Date acquired | SGTU | Total Checkouts | Full call number | Accession No. (Barcode) | Date last seen | Bill Date | Koha item type |
|---|---|---|---|---|---|---|---|---|---|---|---|---|---|---|---|
| Dewey Decimal Classification | Not For Loan | SGT Chancellor's Library | SGT Chancellor's Library | Reference Book | 25/01/2025 | SGTU | 301.2 S44M | CH2009 | 25/01/2025 | 25/01/2025 | Books |